Länder am nächsten zu Schweden - Eine Minute Sprint - Statistiken

Allgemein
  • Dieses Quiz wurde 141 mal gespielt
  • Das Durchschnittsergebnis liegt bei 16 aus 20
Antwortstatistiken
km Land % Korrekt
4 Dänemark
99%
0 Norwegen
99%
0 Finnland
98%
72 Deutschland
97%
208 Russland
97%
150 Estland
94%
195 Litauen
94%
154 Polen
94%
144 Lettland
93%
433 Niederlande
87%
658 Belgien
84%
515 Weißrussland
77%
685 Vereinigtes Königreich
73%
480 Tschechien
72%
732 Luxemburg
66%
776 Frankreich
59%
710 Österreich
56%
694 Ukraine
56%
718 Slowakei
51%
846 Ungarn
41%
Keine übereinstimmenden Quizze gefunden
Verteilung der Resultate
Anzahl Personen mit jedem Resultat
Perzentil nach korrekt beantworteten Fragen
Ihre Resultats-Entwicklung
Sie haben dieses Quiz noch nicht gespielt